000 01754 a2200229 4500
001 29268
005 20260407155601.0
008 260407a1997 arg spa d
003 AR-UNSa-BCEJYS
040 _aAR-UNSa-BCEJYS
_bspa
_cAR-UNSa-BCEJYS
080 _a657
_xContabilidad
245 1 0 _aSistemas y procedimientos contables
020 _a980-6138-35-6
264 1 _aCaracas :
_bMcGraw-Hill Interamericana
_c1997
300 _a388 p.
_c27 cm.
505 _aPrimera parte: Los sistemas: 1. Importancia de los sistemas - 2. Conceptos básicos de sistemas - 3. Tipo de sistemas - 4. Analisis de los sistemas contables - Segunda parte: Los procedimientos: 5. Función de los procedimientos contables - 6. Procedimientos contables y principios de contabilidad - 7. Procedimientos contables y manuales - Tercera parte: Los sistemas contables: 8. Principales características de un sistema contable - 9. Codificacion de datos - 10. Formularios y registro de contabilidad - 11. Sistemas de contabilidad por área de responsabilidad - 12. Los sistemas contables de costos - Cuarta parte: Los procesos contables: 13. Proceso para el registro de las operaciones contables - 14. El control interno y las operaciones contables - 15. Procedimientos en las operaciones de una empresa - 16. Procesos de ajustes y cierre - Quinta parte:Los sistemas contables en ambientes de ped: 17. Ajustes tegnológicos - 18. Control interno contable bajo ambientes de PED - 19. Los sistemas contables mecanizados
041 _aspa
942 _cBK
590 _aniveau_biblio:m niveau_hierar:0
100 1 _aCatacora Carpio, Fernando
856 4 1 _uhttps://biblioeco.unsa.edu.ar/pmb/images/libros/Sistemas y Procedimientos Contables-l86307.jpg
_yImagen de portada
_qimage/jpeg
999 _c1820
_d1820